000 00565cam a22002171 4500
001 sa 68013421
003 DLC
005 20260227112621.0
008 711115s1968 pk b 00010 eng
010 _asa 68013421 //r85
025 _aPL480:P-E-1493
050 0 _aBP161
_b.A33 1968
082 _a297
100 1 0 _aAli, Syed Ameer,
_d1849-1928.
245 1 0 _aIslam,
_cby Syed Ameer Ali.
260 0 _aLahore,
_bPremier Book House
_c[1968]
300 _avi (i.e. x) 90 p.
_c18 cm.
350 _a2.75
504 _aBibliographical footnotes.
650 0 _aIslam.
999 _c85096
_d85096